000 00849cab a2200277 4500
001 ABS57580
008 090401t1997 xxu||||| |||| 00| 0 eng d
035 _a(Sirsi) u80720
041 _aeng
245 _aRegional survey : City, Midtown and Docklands
260 _c1997
350 _a0
490 _aCSW - The Property Week
_v60(11) 5 September 1997, 35-54(12)
650 _aCITY OF LONDON
650 _aLONDON DOCKLANDS
650 _aLONDON
650 _aMIDTOWN
650 _aOFFICE DEVELOPMENT
650 _aPROPERTY-COMMERCIAL PROPERTY-OFFICE PROPERTY-OFFICE PROPERTY MARKET
650 _aPLANNING ISSUES
650 _aPROPERTY-COMMERCIAL PROPERTY-RETAIL PROPERTY-RETAIL PROPERTY MARKET
650 _aSUPERMARKETS
690 _aPROPERTY-COMMERCIAL PROPERTY-COMMERCIAL PROPERTY MARKET
942 _n0
948 _c08/09/1997
999 _c50821
_d50821